| 000 | 00363nam a2200145Ia 4500 | ||
|---|---|---|---|
| 008 | 150201s2004 xx 000 0 und d | ||
| 082 |
_a616.0707 _bC2004S |
||
| 100 | _aSAPP,J.PHILLIP. | ||
| 245 | _aCONTEMPORARY ORAL & MAXILLOFACIAL PATHOLOGY | ||
| 250 | _a2ND | ||
| 260 |
_bMOSBY _aDELHI _c2004 |
||
| 300 | _a1-450 | ||
| 650 | _aORAL PATHOLOGY | ||
| 942 |
_2ddc _cBK |
||
| 999 |
_c3757 _d3757 |
||